Nazioni meno visitate al mondo - Statistics

Statistiche generali
  • Questo quiz è stato fatto 96 volte
  • Il punteggio medio è 5 su 10
Statistiche sulle risposte
VISITATORI NAZIONI % Corretto
200 NAURU
81%
1200 TUVALU
77%
4700 KIRIBATI
75%
5000 ISOLE MARSHALL
70%
8000 SAO TOME E PRINCIPE
49%
15000 COMORE
43%
500 SOMALIA
31%
7000 TURKMENISTAN
30%
6000 GUINEA EQUATORIALE
27%
17500 AFGANISTAN
3%
Nessun quiz corrispondente trovato
Distribuzione punteggi
Percentuale di utenti per punteggio
Percentile per numero di risposta
I tuoi punteggi nel tempo
Non hai fatto questo quiz